| 000 | 01421cam a2200325 a 4500 | ||
|---|---|---|---|
| 001 | 35165 | ||
| 005 | 20230410102037.0 | ||
| 008 | 870330s1986 dr b 000 0 spa | ||
| 035 | _9(DLC) 87400002 | ||
| 035 | _a4795559 | ||
| 010 | _a 87400002 | ||
| 040 |
_aDLC _cDLC _dDLC |
||
| 043 | _acl----- | ||
| 050 | 1 | 4 |
_a118 HG 2051 _bG643m 1986 |
| 082 | 0 | 0 |
_a332.7/1/098 _219 |
| 100 | 2 | _aGonzález Vega, Claudio. | |
| 245 | 1 | 0 |
_aMercados financieros rurales en América Latina / _cClaudio González Vega. |
| 250 | _a1a ed. | ||
| 260 |
_aSanto Domingo, República Dominicana : _bCentro de Estudios Monetarios y Bancarios - CEMYB, _c1986. |
||
| 300 |
_a44 p. ; _c21 cm. |
||
| 440 | 0 |
_aBiblioteca Mercados financieros ; _v3 |
|
| 490 | 1 | _aSerie Estudios | |
| 500 | _aA paper originally presented at the Tercer Taller del Proyecto Movilización de Ahorros Rurales en la República Dominicana, held in Puerto Plata, Sept. 19-21, 1985 under title: Hacia el fortalecimiento de los sistemas financieros rurales en América Latina y el Caribe. | ||
| 504 | _aIncludes bibliographical references. | ||
| 650 | 0 |
_aAgricultural credit _zLatin America. |
|
| 650 | 0 |
_aAgricultural cooperative credit associations _zLatin America. |
|
| 650 | 0 |
_aAgricultural credit corporations _zLatin America. |
|
| 830 | 0 | _aSerie Estudios (Centro de Estudios Monetarios y Bancarios (Santo Domingo, Dominican Republic)) | |
| 942 |
_2lcc _cbk |
||
| 999 |
_c17914 _d17914 |
||